Mathematical foundations of quantum mechanics /

Bibliographic Details
Main Author: Von Neumann, John, 1903-1957
Format: Book
Language:English
German
Published: Princeton [N.J.] : Princeton University Press, 1955.
Series:Investigations in physics, no.2
Subjects:

MARC

Tag First Indicator Second Indicator Subfields
LEADER 00000cam a2200000 4500
001 in00000044230
005 20151007071032.0
008 730115s1955 njua 00000 eng u
010 |a  53010143  
035 |a (OCoLC)00537169 
035 |9 AAE5192AM 
040 |c WSU  |d TXA  |d UtOrBLW 
041 1 |a eng  |a ger 
049 |a TXAM  |c 1 [253795]  |c 2 [423268] 
050 0 0 |a QC174.3  |b .V613 
082 0 |a 530.1 
092 |a 530.1  |b V947ma 
100 1 |a Von Neumann, John,  |d 1903-1957. 
245 1 0 |a Mathematical foundations of quantum mechanics /  |c Translated from the German ed. by Robert T. Beyer. 
264 1 |a Princeton [N.J.] :  |b Princeton University Press,  |c 1955. 
300 |a 445 pages :  |b illustrations ;  |c 23 cm. 
336 |a text  |b txt  |2 rdacontent 
337 |a unmediated  |b n  |2 rdamedia 
338 |a volume  |b nc  |2 rdacarrier 
490 0 |a Investigations in physics, no.2 
536 |a From the library of Dr. R. G. Breene, Jr., March 2004. 
650 0 |a Matrix mechanics. 
999 |a MARS 
999 f f |s bc436148-8e9d-326b-a538-8923faeef1fa  |i 34dd5e37-809e-38be-a7e7-e9c9eed03bef  |t 0 
952 f f |p normal  |a Texas A&M University  |b College Station  |c Sterling C. Evans Library  |s Evans stk  |d Evans: Library Stacks  |t 0  |e QC174.3 .V613  |h Library of Congress classification  |i unmediated -- volume  |m A14833117370 
998 f f |a QC174.3 .V613  |t 0  |l Evans: Library Stacks